|
|
|
|
| LEADER |
01211nam a2200277 a 4500 |
| 001 |
15322009 |
| 008 |
0910152008 ii a b 000 0deng d |
| 010 |
|
|
|a \\2008330497
|
| 020 |
|
|
|a 9780195669091
|
| 020 |
|
|
|a 0195669096
|
| 040 |
|
|
|a DLC
|c DLC
|d DLC
|
| 082 |
0 |
4 |
|a 821.8
|2 22
|
| 100 |
1 |
|
|a Derozio, Henry,
|d 1809-1831.
|
| 245 |
1 |
0 |
|a Derozio, poet of India :
|b the definitive edition /
|c edited, and with an introduction, by Rosinka Chaudhuri.
|
| 260 |
|
|
|a New Delhi :
|b Oxford University Press,
|c 2008.
|
| 300 |
|
|
|a Lxxi, 475 p. :
|b ill. ;
|c 23 cm.
|
| 500 |
|
|
|a Poems.
|
| 520 |
|
|
|a Also includes portions on his poetry reviews, notes etc.
|
| 504 |
|
|
|a Includes bibliographical references (p. [465]-475).
|
| 541 |
1 |
|
|e 00019420
|
| 600 |
1 |
0 |
|a Derozio, Henry,
|d 1809-1831
|x Criticism and interpretation.
|
| 650 |
|
0 |
|a Indic poetry (English)
|y 19th century.
|
| 700 |
1 |
|
|a Chaudhuri, Rosinka.
|
| 852 |
4 |
|
|a Ayesha Abed Library
|j General shelf
|
| 999 |
|
|
|c 4587
|d 4587
|
| 952 |
|
|
|0 0
|1 0
|2 ddc
|4 1
|6 821_800000000000000_DER
|7 0
|9 4372
|a ENH
|b ENH
|d 2009-10-15
|l 1
|o 821.8 DER
|p 3010019420
|r 2014-05-14
|s 2013-02-18
|t 1
|w 2009-10-15
|y BK
|x Departmental-issued damaged books were found in the ENH department for the reason of termites eaten in 2016
|